Statistics for Juventus Opponents In UEFA Champions League

Click here to take the quiz!

General Stats

  • This quiz has been taken 1,113 times
    (519 since last reset)
  • The average score is 42 of 80

Answer Stats

TeamCountryGWDLLast% Correct
Real MadridSpain2192102018
100%
AFC AjaxNetherlands104422019
98%
FC BarcelonaSpain113442021
98%
Manchester UnitedEngland104152019
96%
Bayern MunichGermany103252016
95%
FC PortoPortugal64112021
92%
Olympique LyonnaisFrance42112020
92%
Atletico MadridSpain62222020
91%
Paris Saint-GermainFrance20022023
91%
ChelseaEngland62222022
90%
Borussia DortmundGermany53022015
88%
SL BenficaPortugal40042023
86%
AC MilanItaly10102003
84%
Manchester CityEngland22002016
84%
OlympiacosGreece107212018
83%
GalatasarayTurkey61322014
80%
Celtic FCScotland64022013
79%
LiverpoolEngland31112005
79%
Sporting CPPortugal21102018
78%
Aston VillaEngland22001983
77%
SevillaSpain42112017
77%
ArsenalEngland41122006
76%
Valencia CFSpain22002019
76%
AS MonacoFrance62112017
72%
Maccabi HaïfaIsrael43012023
72%
Rangers FCScotland42111996
72%
MarseilleFrance21011973
71%
Maccabi Tel-AvivIsrael21102005
69%
Tottenham HotspurEngland21102018
69%
ZenitRussia43102022
69%
Bayer LeverkusenGermany43012020
68%
Malmö FFSweden44002022
68%
VillarrealSpain20112022
65%
BSC Young BoysSwitzerland21012019
63%
Dynamo KyivUkraine65102021
62%
Deportivo La CorunaSpain81432004
58%
Dinamo ZagrebCroatia22002017
58%
FeyenoordNetherlands42112003
57%
Shakhtar DonetskUkraine21102013
56%
Club BruggeBelgium43012006
52%
Hamburger SVGermany30122001
51%
FC CopenhagenDenmark21102014
50%
Lokomotiv MoscowRussia22002020
50%
FC BaselSwitzerland21012003
49%
Borussia MönchengladbachGermany40312016
48%
RSC AnderlechtBelgium20111982
48%
Sparta PragueCzech Republic21011985
48%
FerencvárosHungary22002021
47%
Rapid BucharestRomania21101968
46%
Rapid WienAustria43102006
46%
Athletic BilbaoSpain20201999
42%
BordeauxFrance42112010
42%
FenerbahçeTurkey22001997
41%
Steaua BucharestRomania21101996
41%
FC NantesFrance21011996
40%
PanathinaïkosGreece21012001
39%
Werder BremenGermany21012006
39%
Real SociedadSpain21102004
38%
RosenborgNorway63302002
35%
FK PartizanSerbia22001962
34%
Newcastle UnitedEngland21012003
33%
BATE BorisovBelarus20202009
30%
Standard LiegeBelgium21101983
22%
FC NordsjællandDenmark21102013
20%
GrasshopperSwitzerland22001985
19%
CSKA SofiaBulgaria21011976
18%
Hellas VeronaItaly21101986
17%
Widzew LodzPoland21101983
13%
Valur ReykjavikIceland22001987
12%
FC KosiceSlovakia22001999
10%
Dynamo DresdenGermany21011974
9%
Omonia NicosieCyprus22001978
9%
Derby CountyEngland21101973
8%
Ujpest FCHungary20201973
8%
La Jeunesse d'EschLuxembourg22001986
6%
Eintracht BraunschweigGermany32011968
5%
FC MagdeburgGermany22001973
5%
Glentoran FCNorthern Ireland22001978
4%
Hvidovre IFDenmark21101983
3%
Ilves TampereFinland22001985
3%

Score Distribution

Percentile by Number Answered

Percent of People with Each Score

Your Score History

You have not taken this quiz since the last reset